00359nam a2200085Ia 4500008004100000245009600041260000900137300009600146650003100242180130s9999 xx 000 0 und d cNaidu, Suwastika; Pathak, R.D.; Chand, AnandaHuman resource management in the Fiji Islands c2014 aBook title: Managing human resources in Asia-Pacific--Acession number C18630; pages 242-260 aPERSONNEL MANAGEMENT--ASIA